Estudios políticos
Պահպանված է:
| Հիմնական հեղինակ: | |
|---|---|
| Ձևաչափ: | Գիրք |
| Լեզու: | իսպաներեն |
| Հրապարակվել է: |
Madrid
Librería de la viuda de Hernando
1890
|
| Շարք: | Biblioteca Clásica, 19
|
| Խորագրեր: | |
| Ցուցիչներ: |
Ավելացրեք ցուցիչ
Չկան պիտակներ, Եղեք առաջինը, ով նշում է այս գրառումը!
|
MARC
| LEADER | 00000nam a2200000 a 4500 | ||
|---|---|---|---|
| 001 | UCP2025 | ||
| 003 | CL-VaPUC | ||
| 008 | 990430e18900000SP |||||||||||||||||spa|d | ||
| 082 | 0 | 4 | |a 320.011 |b MAC |2 21 |
| 100 | |a Macaulay, Thomas Babington |e autor |9 514895 | ||
| 245 | 1 | 0 | |a Estudios políticos |
| 300 | |a 406 p | ||
| 942 | |c BK | ||
| 945 | |d 19990430 00:00:00 |a lriquelm | ||
| 260 | |a Madrid |b Librería de la viuda de Hernando |c 1890 | ||
| 650 | 0 | |a Política |9 255312 | |
| 650 | 0 | |a Monarquía |9 255259 | |
| 650 | 0 | |a Historia constitucional |9 256052 | |
| 650 | 7 | |a GOBIERN0 |2 CL-VaPUC |9 400394 | |
| 651 | 0 | |a Inglaterra |9 255158 | |
| 583 | |a last modification |c 19990430 00:00:00 |k Rodrigo Vera | ||
| 490 | 0 | |a Biblioteca Clásica, 19 | |
| 999 | |c 280637 |d 280635 | ||
| 952 | |0 0 |1 0 |4 0 |6 320_011000000000000_MAC_1890 |7 0 |8 X |9 321057 |a BIBHIS |b BIBHIS |d 2019-11-20 |i 1339699 |o 320.011 MAC 1890 |p 1339699 |r 2024-01-30 |w 2019-11-20 |y BK_X |k HIS | ||